| 000 | 00399nam a2200157Ia 4500 | ||
|---|---|---|---|
| 008 | 240729s9999 xx 000 0 und d | ||
| 022 | _a2377-7478 | ||
| 245 | 0 | _aAnimal Sentience | |
| 260 | _aUnited States | ||
| 260 | _bWellBeing International | ||
| 650 | _a Zoology | ||
| 650 | _aScience | ||
| 856 | _uhttps://doaj.org/toc/b82a63097ea349d88c213a9ab98d6d24 | ||
| 942 | _2ddc | ||
| 942 | _cDOAJEJ | ||
| 999 |
_c69332 _d69332 |
||
| 945 |
_a1 _bMadushi Gamage _c1 _dMadushi Gamage |
||